Conciencia negra y proceso de liberación /
Furkejuvvon:
| Váldodahkki: | |
|---|---|
| Materiálatiipa: | Texto |
| Giella: | Spanish |
| Fáttát: | |
| Fáddágilkorat: |
Lasit fáddágilkoriid
Eai fáddágilkorat, Lasit vuosttaš fáddágilkora!
|
MARC
| LEADER | 00000 a a2200000 04500 | ||
|---|---|---|---|
| 001 | 340 | ||
| 003 | cru CIDCACS/IIS | ||
| 005 | 20230509154915.0 | ||
| 008 | 230509b |||||||| |||| 00| 0 spa d | ||
| 040 | |c cru CIDCACS/IIS | ||
| 100 | |a Boff, Leonardo | ||
| 245 | |a Conciencia negra y proceso de liberación / |c Leonardo Boff | ||
| 650 | |a DERECHOS HUMANOS | ||
| 650 | |a DEMOCRACIA | ||
| 650 | |a IGUALDAD | ||
| 650 | |a DISCRIMINACION | ||
| 650 | |a RELACIONES RACIALES | ||
| 650 | |a CONFLICTOS RACIALES | ||
| 650 | |a DISCRIMINACION RACIAL | ||
| 650 | |a BRASILEÑOS | ||
| 773 | |g volumen 25, número 328; páginas 12-16 | ||
| 773 | 0 | |0 42391 |9 3523 |a Agencia Latinoamericana de Información, ALAI |d Quito, Ecuador: ALAI |o 08305 |t ALAI: |x 08275564 | |
| 942 | |2 ddc |c PP | ||
| 999 | |c 27161 |d 27161 | ||
